BGMEA University of Fashion and Technology
University Library

Human resource management : (Record no. 3081)

MARC details
000 -LEADER
fixed length control field 00504nam a22001817a 4500
001 - CONTROL NUMBER
control field 3081
003 - CONTROL NUMBER IDENTIFIER
control field BD-DhBUF
005 - DATE AND TIME OF LATEST TRANSACTION
control field 20260519100424.0
008 - FIXED-LENGTH DATA ELEMENTS--GENERAL INFORMATION
fixed length control field 260519b bg ||||| |||| 00| 0 ben d
020 ## - INTERNATIONAL STANDARD BOOK NUMBER
International Standard Book Number 0415462460
040 ## - CATALOGING SOURCE
Original cataloging agency BD-DhBUF
Transcribing agency BD-DhBUF
245 ## - TITLE STATEMENT
Title Human resource management :
Remainder of title a critical approach /
Statement of responsibility, etc. Edited by David G. Collings and Geoffey Wood
260 ## - PUBLICATION, DISTRIBUTION, ETC.
Place of publication, distribution, etc. New York :
Name of publisher, distributor, etc. xi, 319p. ;
300 ## - PHYSICAL DESCRIPTION
Extent xi, 319
Dimensions 23cm. ;
526 ## - STUDY PROGRAM INFORMATION NOTE
Program name BBA
650 ## - SUBJECT ADDED ENTRY--TOPICAL TERM
Topical term or geographic name entry element Personnel management
942 ## - ADDED ENTRY ELEMENTS (KOHA)
Source of classification or shelving scheme Dewey Decimal Classification
Koha item type Books
Holdings
Withdrawn status Lost status Source of classification or shelving scheme Damaged status Not for loan Home library Current library Date acquired Source of acquisition Total Checkouts Barcode Date last seen Copy number Price effective from Koha item type
    Dewey Decimal Classification     BUFT Library BUFT Library 05/16/2026 Donation ( Mr. Faruque Hassan. Chairman, BUFT )   2026-0059 05/19/2026 C-1 05/19/2026 Books
Copyright © 2019-2023 | BUFT Library
BGMEA University of Fashion and Technology
Library Home | University Home
| Maintained by Library Team